|
|
|
|
| LEADER |
00000cam a2200000 7i4500 |
| 001 |
0000004102 |
| 005 |
20160426.0 |
| 020 |
0 |
0 |
|a 9789670622330
|
| 090 |
0 |
0 |
|a 577.340959
|b SAM 2015
|
| 245 |
0 |
0 |
|a Grandeur of tge tropical rainforest in Peninsular Malaysia
|c editors Samsudin Musa...[et.all]
|
| 260 |
0 |
0 |
|a Kepong, Selangor :
|b FRIM ,
|c 2015
|
| 300 |
|
|
|a ix, 204 pages. :
|b ill.col ;
|c 25x29cm.
|
| 650 |
0 |
0 |
|a Rain forest ecology---Malaysia
|
| 650 |
0 |
0 |
|a Rain forests
|z Malaysia
|
| 700 |
0 |
1 |
|a Azian Mohti.
|
| 700 |
0 |
1 |
|a Fletcher, Christine.
|
| 700 |
0 |
1 |
|a Ismail Harun
|
| 700 |
0 |
1 |
|a Ismail Parlan
|
| 998 |
|
|
|a JPSM
|
| 999 |
|
|
|a 007966
|b Monograph
|c Open Shelf
|e Default branch
|
| 999 |
|
|
|a 007967
|b Monograph
|c Open Shelf
|e Default branch
|
| 999 |
|
|
|a 007968
|b Monograph
|c Open Shelf
|e Default branch
|